000
00338 a2200157 4500
001
65698
020
_a
140507793X
040
_c
Anchieta - Pituba
100
_a
Milne, Jonh
240
1
0
_a
The magic barber
_l
eng
245
1
0
_a
The magic barber
300
_a
16
362
0
_a
2005
650
4
_a
Literatura juvenil em inglês
942
_c
BK
999
_c
65698
_d
65698